000 00720nam a22002055i 4500
001 161688
003 ES-MaACL
005 20251116063110.0
008 010529s1893 phl |||| | spa d
040 _aCCPB | B
_bspa
_cCCPB | B
080 _a821.134.2-14"18"
100 1 _aPeñaranda Carlos,
_d1848-1908
_9131101
245 1 0 _aPoesías selectas /
_cCarlos Peñaranda.
260 _aManila :
_b[s.n.],
_c1893 (
_fTip-litografía de Chofré y C.ª)
300 _aIX, 162, [2] ;
_c18 cm.
530 _aDisponible en formato digital.
852 _aES-MaACL
_jG-9720
_z-- Enc. hol.
856 _uhttp://bdh-rd.bne.es/viewer.vm?id=0000113705&page=1
_zBiblioteca Digital Hispánica
999 _c161688
_d161688